00705nam a2200193Ia 4500952013700000999001700137003000400154005001700158008004100175020001500216040000900231082002200240100002700262245007800289260003800367300000900405650004700414942005000461 00102ddc40708HISTORYaMESbMEScISLd2019-02-20g100.00l0o909.097671 MAR/Hp27789r2019-02-20 00:00:00w2019-02-20yBKzGL47R4 c22559d22559OSt20200515090741.0190216s9999||||xx |||||||||||||| ||und|| a8171510574 coclc a909.097671bMAR/H aMargoliouth, D S92327 0aHistory Of Islamic Civilization: Umayyads And Abbasids /cD S Margoliouth bKitab Bhavan, c1994.aNew Delhi: a325p 0aHistory & geographyvIslamic History92271 cBK2ddch909.097671iMAR/Hk909.097671mMAR/H